2015 Ballon d’Or - Statistics

General Stats
  • This quiz has been taken 30 times
  • The average score is 7 of 11
Answer Stats
Hint Answer % Correct
1. Messi
100%
2. Ronaldo
100%
3. Neymar
96%
5. Suarez
75%
9. Iniesta
71%
7. Neuer
68%
4. Lewandowski
64%
6. Müller
50%
11. Ibrahimović
32%
8. Hazard
29%
10. Sánchez
14%
No matching quizzes found
Score Distribution
Percent of People with Each Score
Percentile by Number Answered
Your Score History
You have not taken this quiz